000 00335pab a2200133 454500
008 180718b2000 xxu||||| |||| 00| 0 eng d
100 _aGilkar, Nazir Ahmad
245 _aCost management in public sector: an analysis
260 _c2000
300 _ap.129-42
650 _aPublic sector
773 _aBusiness Review
909 _a45475
999 _c45475
_d45475